书目信息 |
| 题名: |
点击赵薇“小燕子”的青涩年代
|
|
| 作者: | 王永祥 著 | |
| 分册: | ||
| 出版信息: | 南京 江苏文艺出版社 2000 |
|
| 页数: | 198页 | |
| 开本: | 20cm | |
| 丛书名: | ||
| 单 册: | ||
| 中图分类: | J912.1 | |
| 科图分类: | ||
| 主题词: | 电视--艺术--技术 | |
| 电子资源: | ||
| ISBN: | 7-5399-1485-8 | |
| 000 | 00620nam0 2200205 45 | |
| 001 | 0106181542 | |
| 005 | 20040615092153.7 | |
| 010 | @a7-5399-1485-8@dCNY12.80 | |
| 100 | @a20010618d2000 km y0chiy0120 ea | |
| 101 | 0 | @achi |
| 105 | @a z 000yy | |
| 200 | 1 | @a点击赵薇“小燕子”的青涩年代@ADian Ji Zhao Wei“Xiao Yan Zi”De Qing Se Nian Dai@f王永祥著@FWang Yong Xiang Zhu |
| 210 | @a南京@c江苏文艺出版社@d2000 | |
| 215 | @a198页@c插图@d20cm | |
| 600 | 0 | @a赵薇@x生平事迹 |
| 606 | 0 | @a电视@x艺术@x技术 |
| 690 | @aJ912.1@v4 | |
| 701 | @a王永祥@4著 | |
| 801 | @aCN@bTSTC@c20010618 | |
| 905 | @f5@b298438-442@dJ912.1@e70 | |
| 点击赵薇“小燕子”的青涩年代/王永祥著.-南京:江苏文艺出版社,2000 |
| 198页:插图;20cm |
| ISBN 7-5399-1485-8:CNY12.80 |
| ● |
| 相关链接 |
|
|
|
|
正题名:点击赵薇"小燕子"的青涩年代
索取号:J912.1/70
 
预约/预借
| 序号 | 登录号 | 条形码 | 馆藏地/架位号 | 状态 | 备注 |
| 1 | 0298438 | 202984388 | 第一借阅区/ [索取号:J912.1/70] | 在馆 | |
| 2 | 0298439 | 202984397 | 第一借阅区/ [索取号:J912.1/70] | 在馆 | |
| 3 | 0298440 | 202984404 | 第一借阅区/ [索取号:J912.1/70] | 在馆 | |
| 4 | 0298441 | 202984413 | 第一借阅区/ [索取号:J912.1/70] | 在馆 | |
| 5 | 0298442 | 202984422 | 第一样本阅览室/ [索取号:J912.1/70] | 在馆 |